000 00613nam a2200181Ia 4500
008 151202s9999||||xx |||||||||||||| ||und||
082 _bPNVM-7185
100 _aमिराशी वा. वि.
245 _aसंशोधन मुक्तावली.
260 _b"बे. गो.लांडगे,नागपूर."
260 _c0
300 _a70
600 _aमिराशी वा. वि.
630 _aसंशोधन मुक्तावली.
700 _aमिराशी वा. वि.
730 _aसंशोधन मुक्तावली.
942 _cBOOK
999 _c1273177
_d1273174